000
00257nam a22001217a 4500
082
_a
824
_b
GAB/C
100
_a
GABA,AMISH
245
_a
COOL SCHOOL ESSAYS
260
_a
DELHI
_b
BLACK ROSE PUBLICATIONS
300
_a
224
650
_a
ESSAY
_z
DELHI
942
_c
BK
999
_c
3718
_d
3718